Corporate sustainability: integrating performance and reporting. / (Record no. 7736)
[ view plain ]
| 000 -LEADER | |
|---|---|
| fixed length control field | 02234cam a22003254a 4500 |
| 001 - CONTROL NUMBER | |
| control field | 17351650 |
| 003 - CONTROL NUMBER IDENTIFIER | |
| control field | OSt |
| 005 - DATE AND TIME OF LATEST TRANSACTION | |
| control field | 20210719105352.0 |
| 008 - FIXED-LENGTH DATA ELEMENTS--GENERAL INFORMATION | |
| fixed length control field | 120618s2012 nju b 001 0 eng |
| 010 ## - LIBRARY OF CONGRESS CONTROL NUMBER | |
| LC control number | 2012022658 |
| 020 ## - INTERNATIONAL STANDARD BOOK NUMBER | |
| International Standard Book Number | 9781118122365 (cloth) |
| 040 ## - CATALOGING SOURCE | |
| Original cataloging agency | DLC |
| Transcribing agency | DLC |
| Modifying agency | DLC |
| 042 ## - AUTHENTICATION CODE | |
| Authentication code | pcc |
| 050 00 - LIBRARY OF CONGRESS CALL NUMBER | |
| Classification number | HD60.3.B76 |
| 082 00 - DEWEY DECIMAL CLASSIFICATION NUMBER | |
| Classification number | 658.15/12 |
| Edition number | 23 |
| 100 1# - MAIN ENTRY--PERSONAL NAME | |
| Personal name | Brockett, Anne. |
| 245 10 - TITLE STATEMENT | |
| Title | Corporate sustainability: integrating performance and reporting. / |
| Statement of responsibility, etc. | Anne Brockett, Zabihollah Rezaee. |
| 260 ## - PUBLICATION, DISTRIBUTION, ETC. | |
| Place of publication, distribution, etc. | Hoboken, N.J. : |
| Name of publisher, distributor, etc. | Wiley, |
| Date of publication, distribution, etc. | 2012. |
| 300 ## - PHYSICAL DESCRIPTION | |
| Extent | xix, 316 p. ; |
| Dimensions | ; |
| -- | 24 cm. |
| 490 0# - SERIES STATEMENT | |
| Series statement | The Wiley corporate F&A series |
| 504 ## - BIBLIOGRAPHY, ETC. NOTE | |
| Bibliography, etc. note | Includes bibliographical references and index. |
| 505 ## - FORMATTED CONTENTS NOTE | |
| Formatted contents note | Contents: PART I: AN INTRODUCTION TO SUSTAINABILITY PERFORMANCE, REPORTING, AND ASSURANCE 1 Chapter 1: Introduction to Business Sustainability and Accountability Reporting -- Chapter 2: Brief History of Sustainability Reporting -- Chapter 3: Business Sustainability and Accountability Initiatives, Reporting, and Assurance -- <br/>PART II: DIMENSIONS OF SUSTAINABILITY PERFORMANCE -- Chapter 4: Sustainability, Corporations, Capital Markets, and the Global Economy -- Chapter 5: Economic Vitality as a Component of Sustainability -- Chapter 6: The Corporate Governance Dimension of Sustainability 1 -- Chapter 7: The Social Dimension of Corporate Sustainability -- Chapter 8: The Ethical Dimension of Sustainability -- Chapter 9: The Environmental Dimension of Sustainability Performance: Government Policy, Societal Forces, and Environmental Management <br/>PART III: EMERGING ISSUES IN SUSTAINABILITY PERFORMANCE, REPORTING, AND ASSURANCE Chapter 10: Business Sustainability in Action: Global Initiatives and Emerging Issues -- Chapter 11: The Future of Business Sustainability: Sustainability Reporting and Assurance -- Index |
| 650 #0 - SUBJECT ADDED ENTRY--TOPICAL TERM | |
| Topical term or geographic name entry element | Sustainable development reporting. |
| 650 #0 - SUBJECT ADDED ENTRY--TOPICAL TERM | |
| Topical term or geographic name entry element | Sustainable development |
| General subdivision | Economic aspects. |
| 650 #0 - SUBJECT ADDED ENTRY--TOPICAL TERM | |
| Topical term or geographic name entry element | Sustainable development |
| General subdivision | Accounting. |
| 700 1# - ADDED ENTRY--PERSONAL NAME | |
| Personal name | Rezaee, Zabihollah, |
| 906 ## - LOCAL DATA ELEMENT F, LDF (RLIN) | |
| a | 7 |
| b | cbc |
| c | orignew |
| d | 1 |
| e | ecip |
| f | 20 |
| g | y-gencatlg |
| 942 ## - ADDED ENTRY ELEMENTS (KOHA) | |
| Source of classification or shelving scheme | Library of Congress Classification |
| Koha item type | Books |
| Withdrawn status | Lost status | Source of classification or shelving scheme | Damaged status | Not for loan | Home library | Current library | Shelving location | Date acquired | Total Checkouts | Full call number | Barcode | Date last seen | Copy number | Price effective from | Koha item type |
|---|---|---|---|---|---|---|---|---|---|---|---|---|---|---|---|
| Library of Congress Classification | WISCONSIN INTERNATIONAL UNIVERSITY COLLEGE, GHANA KUMASI LIBRARY | WISCONSIN INTERNATIONAL UNIVERSITY COLLEGE, GHANA KUMASI LIBRARY | General Stacks | 19/07/2021 | HD60.3.B76 | K/932/932/19 | 19/07/2021 | 1 | 19/07/2021 | Books | |||||
| Library of Congress Classification | WISCONSIN INTERNATIONAL UNIVERSITY COLLEGE, GHANA KUMASI LIBRARY | WISCONSIN INTERNATIONAL UNIVERSITY COLLEGE, GHANA KUMASI LIBRARY | General Stacks | 19/07/2021 | HD60.3.B761 | K/933/933/19 | 19/07/2021 | 2 | 19/07/2021 | Books |
